| 000 | 00000nam##2200000za#4500 |
| 001 | 9.644221 |
| 003 | CaOODSP |
| 005 | 20210624224538 |
| 007 | cr ||||||||||| |
| 008 | 150407|1979||||xxc|||||o f|0| 0 fre|d |
| 040 | |aCaOODSP|bfre |
| 043 | |an-cn--- |
| 086 | 1 |aA43-1678/1979F-PDF |
| 110 | 1 |aCanada.|bAgriculture Canada. |bService de l'information. |
| 245 | 10|aLes pucerons nuisibles de la pomme de terre au Canada : |h[ressource électronique]|bcycle vital et clé d'identification / |c[par] M.E. MacGillivray. |
| 260 | |aOttawa - Ontario : |bAgriculture Canada. |cc1979. |
| 300 | |a16p.|bill. en couleur, figures |
| 500 | |aPublication historique numérisée par Agriculture et Agroalimentaire Canada. |
| 590 | |a15-02-Supp|b2015-02-16 |
| 720 | 1 |aMacGillivray, M. E. |
| 775 | 08|tAphids infesting potatoes in Canada : |w(CaOODSP)9.700324 |
| 856 | 40|ahttp://publications.gc.ca|qPDF|s959 Ko|uhttps://publications.gc.ca/collections/collection_2015/aac-aafc/A43-1678-1979-fra.pdf |
| 986 | |aPublication 1678 |